000
00261 a2200097 4500
001
31623
100
_a
Branover, Herman
245
_a
Progress in Fluid Flow Research: Turbulence and applied MHD v 42
260
_a
Virginia
_b
AIAA
_c
1998
090
_c
21447
_d
21447
942
_a
NUST-CAE
_c
M
_c
12722
999
_c
266696
_d
266696